All 25k+ cities in Ohio with a map - Statistics

General Stats
  • This quiz has been taken 68 times
  • The average score is 37 of 63
Answers on the Map
Answers color-coded by a green-red scale on the quiz's map according to % correct below.
 
Answer Stats
City Population % Correct
Cincinnati 309,567
100%
Columbus 905,939
100%
Toledo 270,880
100%
Akron 190,418
97%
Cleveland 372,596
97%
Dayton 137,625
97%
Youngstown 60,047
94%
Canton 70,768
88%
Parma 81,123
85%
Springfield 58,654
85%
Hamilton 63,385
79%
Lorain 65,212
79%
Sandusky 25,098
79%
Lima 35,579
76%
Elyria 52,667
73%
Euclid 49,685
73%
Findlay 40,314
73%
Cleveland Heights 45,316
70%
Cuyahoga Falls 51,119
70%
Dublin 49,313
67%
Lakewood 50,941
67%
Newark 49,948
67%
Bowling Green 30,799
64%
Delaware 41,327
61%
Kettering 57,869
61%
Mansfield 47,541
61%
Middletown 50,990
61%
Warren 39,246
61%
Massillon 32,046
58%
Mentor 47,441
58%
Beavercreek 46,560
55%
Grove City 41,244
55%
Strongsville 46,485
55%
Upper Arlington 36,795
55%
Lancaster 40,540
52%
Marion 36,012
52%
Shaker Heights 29,443
52%
Avon Lake 25,203
48%
Mason 34,801
48%
Medina 26,085
48%
Westlake 34,238
48%
Wooster 27,246
48%
Xenia 25,418
48%
Garfield Heights 29,790
45%
Green 27,484
45%
Huber Heights 43,431
45%
Kent 28,206
45%
North Olmsted 32,439
45%
Reynoldsburg 41,070
45%
Brunswick 35,412
42%
Fairfield 44,894
42%
Westerville 39,194
42%
Gahanna 35,726
39%
Hilliard 37,113
39%
North Royalton 31,331
39%
Stow 34,491
39%
Austintown 29,594
36%
North Ridgeville 35,273
36%
Fairborn 34,531
33%
Perrysburg 25,033
30%
Marysville 25,585
27%
Troy 26,329
27%
Barberton 25,180
24%
No matching quizzes found
Score Distribution
Percent of People with Each Score
Percentile by Number Answered
Your Score History
You have not taken this quiz